Vodcovské osobnosti a ich identifikácia

Rozhovor s s riaditeľom personálno-poradenskej firmy Management Consulting Jenewein. Aktivity spoločnosti, ktorá sa špecializuje na oblasť ľudských zdrojov. Rozhovor zameraný na špecifickú oblasť identifikácie vodcovských osobností.

Enregistré dans:
Détails bibliographiques
Auteur principal: Krekáč, M.
Autres auteurs: Janek, Miroslav
Format: Chapitre de livre
Langue:slovaque
Sujets:
Tags: Ajouter un tag
Pas de tags, Soyez le premier à ajouter un tag!

MARC

LEADER 00000naa a2200000 4500
001 r017306
005 20221213100627.9
041 0 |a slo 
044 |a SK 
245 1 0 |a Vodcovské osobnosti a ich identifikácia  |c M. Krekáč, Miroslav Janek 
520 |a Rozhovor s s riaditeľom personálno-poradenskej firmy Management Consulting Jenewein. Aktivity spoločnosti, ktorá sa špecializuje na oblasť ľudských zdrojov. Rozhovor zameraný na špecifickú oblasť identifikácie vodcovských osobností. 
610 2 0 |a manažéri 
610 2 0 |a osobnosť 
610 2 0 |a komunikácia 
610 2 0 |a služby poradenské 
610 2 0 |a zdroje ľudské 
610 2 0 |a manažment personálny 
610 2 0 |a Management Consulting Jenewein Bratislava 
100 1 |a Krekáč, M. 
700 1 |a Janek, Miroslav